[Event "Sukhumi op"]
[Site "Sukhumi"]
[Date "2008.08.12"]
[Round "9"]
[White "Minosians, Artem"]
[Black "Kopeikin, Yuri"]
[Result "1-0"]
[WhiteElo "1971"]
[BlackElo "2107"]
[PlyCount "60"]
[EventDate "2008.08.03"]
[EventType "swiss"]
[EventRounds "9"]
[EventCountry "GEO"]
[SourceTitle "CBM 126 Extra"]
[Source "ChessBase"]
[SourceDate "2008.11.05"]
[SourceVersion "1"]
[SourceVersionDate "2008.11.05"]
[SourceQuality "1"]

1. e4 c5 2. Nf3 d6 3. c3 Nf6 4. h3 Nc6 5. d4 Nxe4 6. d5 Nf6 7. dxc6 bxc6 8. c4 Qb6 9. Nc3 h6 10. Bd3 e5 11. 0-0 Be6 12. Re1 Be7 13. Qc2 Qb4 14. b3 g6 15. Bd2 Qb7 16. a3 Nh5 17. g4 Ng7 18. b4 cxb4 19. axb4 f5 20. c5 e4 21. Nxe4 fxe4 22. Bxe4 0-0 23. Nd4 dxc5 24. Nxe6 Nxe6 25. Qc4 Qd7 26. Bxh6 Bf6 27. Rad1 Bd4 28. Rxd4 cxd4 29. Bxc6 Qf7 30. Bxf8 Rxf8 1-0

[Event "Sukhumi op"]
[Site "Sukhumi"]
[Date "2008.08.08"]
[Round "6"]
[White "Svinarenko, Pavel"]
[Black "Minosians, Artem"]
[Result "1-0"]
[WhiteElo "2153"]
[BlackElo "1971"]
[PlyCount "85"]
[EventDate "2008.08.03"]
[EventType "swiss"]
[EventRounds "9"]
[EventCountry "GEO"]
[SourceTitle "CBM 126 Extra"]
[Source "ChessBase"]
[SourceDate "2008.11.05"]
[SourceVersion "1"]
[SourceVersionDate "2008.11.05"]
[SourceQuality "1"]

1. e4 c5 2. Nf3 Nc6 3. g3 g6 4. Bg2 Bg7 5. d3 d6 6. Be3 Nf6 7. Nc3 0-0 8. 0-0 e5 9. h3 Nd4 10. Kh2 Rb8 11. Ng1 Ne8 12. Qd2 Kh8 13. f4 f5 14. Nd5 Be6 15. c3 Nc6 16. Nf3 b6 17. Rae1 Qd7 18. Ng5 Bg8 19. Qd1 h6 20. Nf3 Kh7 21. exf5 Bxd5 22. Ng5+ hxg5 23. fxg6+ Kxg6 24. f5+ Rxf5 25. Rxf5 Qxf5 26. Bxd5 Nf6 27. Bxc6 d5 28. g4 Qe6 29. Ba4 Rh8 30. Kg2 d4 31. Bc1 Qd5+ 32. Kg3 e4 33. dxe4 Qe5+ 34. Kg2 Rf8 35. Bc2 Ne8 36. cxd4 cxd4 37. Rf1 Rxf1 38. Qxf1 Nd6 39. Qf3 Bf6 40. Bd2 b5 41. Be1 Kf7 42. Bg3 Qc5 43. e5 1-0

[Event "Sukhumi op"]
[Site "Sukhumi"]
[Date "2008.08.07"]
[Round "5"]
[White "Minosians, Artem"]
[Black "Akbaev, Kazbek"]
[Result "1-0"]
[WhiteElo "1971"]
[BlackElo "2416"]
[PlyCount "106"]
[EventDate "2008.08.03"]
[EventType "swiss"]
[EventRounds "9"]
[EventCountry "GEO"]
[SourceTitle "CBM 126 Extra"]
[Source "ChessBase"]
[SourceDate "2008.11.05"]
[SourceVersion "1"]
[SourceVersionDate "2008.11.05"]
[SourceQuality "1"]

1. c4 Nf6 2. g3 c5 3. Bg2 g6 4. e4 d6 5. Ne2 Bg7 6. Nbc3 Nc6 7. h3 Nd4 8. d3 e5 9. Bg5 Be6 10. Nxd4 cxd4 11. Nd5 Bxd5 12. cxd5 h6 13. Qa4+ Qd7 14. Qxd7+ Nxd7 15. Bd2 Rc8 16. Ke2 Rc2 17. Rab1 Ke7 18. Rhc1 Rhc8 19. Kd1 Rxc1+ 20. Rxc1 Rc5 21. b4 Rxc1+ 22. Kxc1 f5 23. h4 Nf6 24. exf5 gxf5 25. Bh3 Nxd5 26. Bxf5 b6 27. Kc2 Kf6 28. Bd7 Nc7 29. a4 d5 30. f3 Ke7 31. Bh3 Kf7 32. Kb3 Ne8 33. Bd7 Nd6 34. Bc6 Ke6 35. g4 h5 36. gxh5 Nf5 37. Bg5 Ng3 38. h6 Bh8 39. a5 Kd6 40. Bb7 bxa5 41. bxa5 Ne2 42. a6 Nc3 43. Bc1 Ke6 44. Ba3 Bf6 45. h5 Nb5 46. Bf8 Kf7 47. Bc5 Ke6 48. Ka4 Nd6 49. Bxa7 Kd7 50. Bxd5 Nf5 51. Bc5 Ne7 52. Be4 Nc6 53. Kb5 Nd8 1-0

[Event "Sukhumi op"]
[Site "Sukhumi"]
[Date "2008.08.03"]
[Round "1"]
[White "Bronnikov, Konstantin Alexandr"]
[Black "Minosians, Artem"]
[Result "0-1"]
[WhiteElo "2325"]
[BlackElo "1971"]
[PlyCount "54"]
[EventDate "2008.08.03"]
[EventType "swiss"]
[EventRounds "9"]
[EventCountry "GEO"]
[SourceTitle "CBM 126 Extra"]
[Source "ChessBase"]
[SourceDate "2008.11.05"]
[SourceVersion "1"]
[SourceVersionDate "2008.11.05"]
[SourceQuality "1"]

1. e4 e5 2. Nf3 Nf6 3. Nc3 Nc6 4. d4 exd4 5. Nxd4 Nxe4 6. Nxe4 Qe7 7. Be2 Qxe4 8. Nb5 Bb4+ 9. c3 Ba5 10. 0-0 0-0 11. Bd3 Qh4 12. Re1 d5 13. g3 Qh3 14. Bf4 Bf5 15. Nxc7 Rad8 16. b4 Bb6 17. Bxf5 Qxf5 18. b5 Na5 19. Re5 Qd7 20. Nxd5 f6 21. Ne7+ Kh8 22. Qxd7 Rxd7 23. Re2 g5 24. Bd2 Nc4 25. Be1 f5 26. h3 Bc5 27. Nxf5 Rxf5 0-1

[Event "Volgodonsk op"]
[Site "Volgodonsk"]
[Date "2007.07.25"]
[Round "7"]
[White "Petrov, Artur"]
[Black "Minosians, Artem"]
[Result "1-0"]
[WhiteElo "2225"]
[BlackElo "1977"]
[PlyCount "81"]
[EventDate "2007.07.19"]
[EventType "swiss"]
[EventRounds "9"]
[EventCountry "RUS"]
[SourceTitle "EXT 2010"]
[Source "ChessBase"]
[SourceDate "2010.11.25"]
[SourceVersion "1"]
[SourceVersionDate "2010.11.25"]
[SourceQuality "1"]

1. e4 e5 2. Nf3 Nc6 3. Bb5 a6 4. Ba4 Nf6 5. 0-0 d6 6. Re1 Be7 7. c3 b5 8. Bb3 Bg4 9. h3 Bxf3 10. Qxf3 0-0 11. d3 Na5 12. Bc2 c5 13. Nd2 Qc7 14. Nf1 Rad8 15. Ng3 Rfe8 16. Nf5 Bf8 17. Bg5 Re6 18. Rac1 Rc8 19. b4 Nb7 20. d4 Nd7 21. d5 Ree8 22. Bd3 f6 23. Bd2 g6 24. Nh6+ Bxh6 25. Bxh6 Qd8 26. h4 Qe7 27. Be2 Qf7 28. Qh3 f5 29. h5 Nf8 30. hxg6 hxg6 31. exf5 gxf5 32. Bh5 Ng6 33. Re3 f4 34. Qg4 fxe3 35. Bxg6 Qxf2+ 36. Kh1 Qf6 37. Bxe8+ Kh7 38. Bg5 Qg7 39. Kg1 Rxe8 40. Qh5+ Kg8 41. Qxe8+ 1-0

[Event "Volgodonsk op"]
[Site "Volgodonsk"]
[Date "2007.07.21"]
[Round "3"]
[White "Khudjakov, Sergey"]
[Black "Minosians, Artem"]
[Result "1-0"]
[WhiteElo "2216"]
[BlackElo "1977"]
[PlyCount "67"]
[EventDate "2007.07.19"]
[EventType "swiss"]
[EventRounds "9"]
[EventCountry "RUS"]
[SourceTitle "EXT 2010"]
[Source "ChessBase"]
[SourceDate "2010.11.25"]
[SourceVersion "1"]
[SourceVersionDate "2010.11.25"]
[SourceQuality "1"]

1. d4 d6 2. c4 e5 3. dxe5 dxe5 4. Qxd8+ Kxd8 5. Nc3 c6 6. f4 f6 7. Nf3 Nd7 8. Bd2 Ne7 9. 0-0-0 Kc7 10. h4 Nf5 11. g4 Nd4 12. Be3 Ne6 13. f5 Nf4 14. Bg1 h5 15. g5 Nc5 16. e3 e4 17. Bh2 Bd6 18. Rxd6 Kxd6 19. Bxf4+ Ke7 20. Nd4 a5 21. Kc2 Rd8 22. Rg1 Kf7 23. Be2 Rh8 24. Bd6 b6 25. Bc7 Ra6 26. b3 Bd7 27. a3 Nb7 28. c5 bxc5 29. Bxa6 cxd4 30. exd4 Nd8 31. Bc4+ Ke7 32. gxf6+ Kxf6 33. Be5+ Kxf5 34. Rg5# 1-0